000 02517nam a2200313 i 4500
001 173627
003 ES-MaACL
005 20251002195940.0
007 t|
008 091216s18551857sp ef |||| | spa d
110 2 _aReal Academia de Ciencias Exactas, Físicas y Naturales de España.
_9175635
245 1 0 _aMemorias de la Real Academia de Ciencias
_g1855-1857.
260 _aMadrid :
_b[s.n.],
_c1855 (
_fAguado Imp.)
300 _av. ;
_c28 cm.
505 8 _aContiene: T. III ;
_tBreve reseña de la historia y progresos de la astronomía /
_rAntonio Aguilar y Vela (26 p.). Contestación /
_rAntonio Remón Zarco del Valle (p. 27-43). --
_tEstudio del huracán del 29 de octubre de1842 /
_rManuel Rico Sinobas (p. 44-75, 2 map. pleg.). --
_tNoticia sobre las auroras boreales durante el s. XVIII y parte del XIX /
_rManuel Rico y Sinobas (p. 77-91). --
_tInforme de la Real Academia de Ciencias sobre telegrafía eléctrica (p. 92-184, 5 plan. pleg.) ;
_tObservaciones actinométricas: 1ª serie /
_rManuel Rico Sinobas (p. 186-289). --
_tDe la fermentación alcohólica del zumo de la uva /
_rMagín Bonet y Bonfill (p. 292-482, 1 lám.). --
_tLos medios de mejorar y conservar los vinos en España /
_rJosé Elvira (p. 484-585). Contestación /
_rAntonio Remón Zarco del Valle y Huet (p. 589-602). --
_tDemostrar con experimentos el fenómeno de la nitrificación /
_rRamón Torres Muñoz de Luna (p. 605-639). --
_tLos progresos de la geodesia /
_rFrutos Saavedra Meneses (p. 641-664). Contestación /
_rVicente Vázquez Queipo (p. 665-677) /
_rImportancia y aplicación de los estudios geológicos /
_rRafael de Amar de la Torre (p. 679-690). Contestación / Rafael de Amar de la Torre (p. 691-702). --
_tAdelantos obtenidos en las ciencias y sus aplicaciones /
_rJosé Subercase (p. 703-725). Contestación /
_rLucio del Valle (p. 727-740)
700 1 _aRemón Zarco del Valle, Antonio,
_d1789-1866
_9131690
700 1 _aRico y Sinobas, Manuel,
_d1819-1898
_9131804
700 1 _aAguilar y Vela, Antonio,
_d1820-1882
_918755
700 1 _aBonet y Bonfill, Magín.
_930137
700 1 _aTorres Muñoz de Luna, Ramón,
_d1822-1890
_9133329
700 1 _aElvira, José.
_9141832
700 1 _aSaavedra Meneses, Frutos.
_9132244
700 1 _aVázquez Queipo, Vicente,
_d1804-1893
_9113475
700 1 _aAmar de la Torre, Rafael.
_9125648
700 1 _aSubercase, José.
_9108679
700 1 _aValle, Lucio del,
_d1815-1874
_9112770
852 _aES-MaACL
_jK-218
999 _c173627
_d173627